| 000 | 01058nam a2200205Ia 4500 | ||
|---|---|---|---|
| 001 | b5145-33941 | ||
| 003 | IT-MiCISF | ||
| 008 | 161014s9999||||xx |||||||||||||| ||und|| | ||
| 040 |
_aIT-MiCISF _cIT-MiCISF |
||
| 041 | _ait | ||
| 100 | _aArndt Karin | ||
| 245 | 0 |
_aI soldi non cadono dal cielo _bCome insegnare ai figli un buon uso del denaro |
|
| 250 | _a1a ed. | ||
| 260 |
_a Leumann (TO) _bElle Di Ci _c2000 [Edizione originale: 1997] |
||
| 300 | _app. 87 | ||
| 500 | _a / educazione-bambini, rapporti-patrimoniali, televisione, pubblicità, bilancio-familiare / Il testo è un piccolo manuale rivolto a genitori ed educatori, nel quale si forniscono indicazioni su come sia possibile aiutare le nuove generazioni ad affrontare il problema del denaro, come riconosce i trucchi dell'economia e della pubblicità, come si possa diventare consumatori attenti e autonomi. Sono presentate numerose esperienze tratte dalla vita quotidiana. | ||
| 650 |
_a Genitorialità e problemi educativi / educazione _e004 |
||
| 942 | _cBK | ||
| 957 | _71 | ||
| 999 |
_a33941 _bsi _g1 _c212036 _d212036 |
||